000 01008cam a2200277 a 4500
008
020 _a0851421997 (hbk.)
049 _aMAIN
090 _aREF Z674.5.G73
_bSHO
245 0 0 _aShorter Aslib directory of information sources in the United Kingdom /
_cedited by Ellen M. Codlin.
250 _a1st shorter ed.
260 _aLondon :
_bAslib,
_c1986.
300 _a590 p. ;
_c26 cm.
500 _aShortened and updated ed. of: Aslib directory of information sources in the United Kingdom. 1982-1984.
650 0 _aSpecial libraries
_zGreat Britain
_vDirectories.
650 0 _aInformation services
_zGreat Britain
_vDirectories.
653 _aGreat Britain
_aSpecial libraries
700 1 _aCodlin, Ellen M.
710 2 _aAslib.
730 0 _aAslib directory of information sources in the United Kingdom.
907 _a.b10072743
_b27-02-13
_c17-04-03
003
005 20230120191409.0
040 _cNUST
942 _cBOOKS
_kREF Z674.5.G73
_mSHO
999 _c100391
_d100391